Normal view
MARC view
- الدسوقي،محمد السيد البدوي
Entry Personal Name
001 - CONTROL NUMBER
- control field: 32201
003 - CONTROL NUMBER IDENTIFIER
- control field: JO-AjAnu
005 - DATE AND TIME OF LATEST TRANSACTION
- control field: 20230606075420.0
008 - FIXED-LENGTH DATA ELEMENTS
- fixed length control field: 230606|| aca||aabn | a|a d
040 ## - CATALOGING SOURCE
- Original cataloging agency: JO-AjAnu
- Transcribing agency: JO-AjAnu
100 ## - HEADING--PERSONAL NAME
- Personal name: الدسوقي،محمد السيد البدوي
670 ## - SOURCE DATA FOUND
- Source citation: Work cat.: (JO-AjAnu)16539: الدسوقي،محمد السيد البدوي, author, قواعد البيع الشخصي=Personal Selling: تعلم لغة المال والاعمال بالانجليزية،تعلم اللغة التجارية ومارس البيع بكفاءة